000 00349nam a2200145Ia 4500
008 230917s9999||||xx |||||||||||||| ||und||
040 _e160361
_aMAIN
041 _aEnglish
082 _a338.4791 D642M
100 _aDixit, Saurab Kumar
245 0 _aManagement in tourism
260 _aNew Delhi
_bMohit
_c2005
300 _a286 p.
942 _cBK
999 _c130606
_d130606